000
00257nam a22000977a 4500
999
_c
11744
_d
11744
008
200113b ||||| |||| 00| 0 eng d
020
_a
9781601152886
100
_a
Greene Alice
_9
7431
245
_a
Baby Tiger Wants to Explore
260
_a
USA
_b
Treasure Bay
_c
2009